000 00367nam a2200169Ia 4500
100 _aSalivahanan/S/ Suresh/K
650 _aEDC
250 _a2
942 _cBK
366 _f20
654 _aDevices
245 _aElectronic devices and circuits
260 _bMcGraw-Hill
_aNew Delhi
_c2008
082 _a621.3815/SAL
_bSAL
300 _a946
546 _aENGLISH
999 _c22850
_d22850